Old Testament Trivia #2 - Statistics

General Stats
  • This quiz has been taken 72 times
  • The average score is 6 of 20
Answer Stats
Questions Answer % Correct
Spokesman for Moses Aaron
74%
Moses led his people to this mountain Sinai
69%
First plague sent upon the people of Egypt Water changed to blood
66%
David sought refuge for his parents in Moab to protect them from who Saul
60%
Euphrates
56%
Commandment that mentions a wife, man-servant, maid-servant, ox, and ass Thou shalt not covet
44%
Seventh commandment Thou shalt not commit adultery
42%
Nation or group of people that are descended from Ishmael The Arab nations
32%
Said "Give me children, or else I die" Rachel
31%
Rachel's handmaid and also the mother of Dan and Naphtali Bilhah
19%
Referred to as the prophet of love Hosea
18%
Moses married the princess of this country while he was a prince in Egypt Ethiopia
16%
The way the ancient Israelistes determined the first day of a new month First day of a new moon
15%
Only book of the prophets to name Bethlehem as the birthplace of Christ Micah
15%
Prophet Zephaniah was a contemporary of this king King Josiah
6%
Rebekah's father Bethuel
5%
The 4 rivers that ran out of the Garden of Eden Pison
5%
Hiddekel
3%
Gihon
2%
Ezekiel refers to this as a "stick" Wooden writing tablet
2%
No matching quizzes found
Score Distribution
Percent of People with Each Score
Percentile by Number Answered
Your Score History
You have not taken this quiz